000 00774nam a2200241 c 4500
005 20201124124816.0
008 120830s2017 sp a|||gr|||| 00| 0 spa d
020 _a9788420641997
040 _aCO-BoUCM
_bspa
_cDeissy Garcia
_dDeissy Garcia
041 0 _aspa
100 _aBernárdez, Enrique
_9101134
245 1 0 _a¿Qué son las lenguas?
_bEnrique Bernárdez
250 _a2a.Ed.
260 _aMadrid
_bAlianza
_c2017
300 _a327 páginas
_bilustraciones
490 0 _aAlianza ensayo
_vV. 243
504 _aIncluye referencias bibliográficas
650 _aLingüística
_918563
650 7 _918380
_aLenguaje y lenguas
650 7 _915796
_aFilosofía del lenguaje
942 _cLIBRO
_2DEWEY
_a12
_e2
_h410
_mB529q
_n0
999 _c318102
_d318102